Responses for Show #7326 - Monday, June 20, 2016

Contestants

[<< previous game]

Sally Neumann, a mental health counselor from Seattle, Washington

Joe Mulder, a closed captioner originally from Marshall, Minnesota

Liz Haigney Lynch, a freelance writer and genealogist from Montclair, New Jersey (whose 2-day cash winnings total $49,600)

[next game >>]

Jeopardy! Round responses

JUST MISSED THE TITANIC
OFFICIAL STATE SYMBOLS
THE CINEMA OF BRADLEY COOPER
BEASTLY LIT
"GO" AHEAD
MAKE MY CAR
    $200 1
Hershey

Joe
    $200 14
salmon

Sally
    $200 2
American Sniper

Joe
    $200 5
bears

Liz
    $200 3
Gomez

Joe
    $200 26
Nissan

Liz
    $800 8
(Guglielmo) Marconi

Liz
    $400 15
diamonds

Sally
    $400 10
The Hangover

Joe
    $400 6
chimpanzee

Triple Stumper
    $400 4
gophers

Sally
    $400 27
Mercedes

Liz
    $600 9
Samuel Goldwyn

Joe
    $600 17
Mount Rushmore

Joe
    $600 11
Guardians of the Galaxy

Joe
    $600 7
horses

Liz
    $600 16
a gold rush

Joe
    $600 28
Toyota

Joe
    $800 18
J.P. Morgan

Liz
    $800 20
eureka

Liz
    $800 12
The A-Team

Joe
    $800 22
a cat

Sally
    $800 23
a goad

Joe
    $800 29
Kia

Joe
    $1000 19
Dreiser

Sally
    $1000 21
geode

Triple Stumper
    $1000 13
[Applause for Joe's run of the category]
(Alex: You're a big Bradley Cooper fan, obviously, and it's paid off. You're in the lead with $4,000.)
(Joe: Thank you. My wife's an even bigger.)

American Hustle

Joe
    $1000 25
dogs

Triple Stumper
    $1000 24
a goalpost

Joe
    $1000 30
Audi

Joe

Scores at the first commercial break (after clue 15):

Liz Joe Sally
$1,600 $4,000 $1,000

Scores at the end of the Jeopardy! Round:

Liz Joe Sally
$3,800 $9,400 $2,800

Double Jeopardy! Round responses

ISTHMUS BE YOUR LUCKY DAY
FONTS
THE BILLBOARD ALL-TIME HOT 100
12-LETTER WORDS
WORLD PIECE
IN THE ____ OF BATTLE
    $400 1
Panama

Joe
    $400 5
Broadway

Joe
    $400 2
"The Twist"

Sally
    $400 6
upholstering

Joe
    $400 16
the core

Liz
    $400 15
[Alex reads the blank as "blank".]

Pyramids

Joe
    $800 3
the Crimean Peninsula

Sally
    $800 8
engraving

Sally
    $800 7
Bruno Mars

Triple Stumper
    $800 13
acquaintance

Joe
    $800 18
the Himalayas

Triple Stumper
    $800 17
[Alex reads the blank as "these".]

Dunes

Sally
    $1200 4
the Suez

Liz
    $1200 9
Noteworthy

Triple Stumper
    $1200 14
"Moves Like Jagger"

Triple Stumper
    $1200 21
stonewalling

Triple Stumper
    $1200 19
(Sally: What is, uh... the mantle?)

the lithosphere

Sally
Triple Stumper
    $1200 26
[Alex reads the blank as "what?"]

Mountain

Joe
    $1600 12
Lenin

Joe
    $1,500 10
Courier

Sally
    $1600 27
Usher

Triple Stumper
    $1600 22
a dolphinarium

Triple Stumper
    $2,000 24
argon

Sally
    $1600 29
[Alex reads the blank as "blank".]

Thames

Triple Stumper
    $2000 20
Auckland

Sally
    $2000 11
Baskerville

Sally
    $2000 30
(Joe: What is "Funky Music"? [*], white boy?)

"Play That Funky Music"

Joe
    $2000 23
(Joe: What is heliocentrism?)

heliocentric

JoeSally
    $2000 25
seafloor spreading

Triple Stumper
    $2000 28
[Alex reads the blank as "this".]

Atlantic

Triple Stumper

Scores at the end of the Double Jeopardy! Round:

Liz Joe Sally
$5,400 $14,600 $13,900

[wagering suggestions for these scores]

Final Jeopardy! Round responses

EUROPEAN LITERATURE
(Alex: [To Joe] No, you're closer, in a way. Ithaca was the home of [*]. Remember the Odyssey.)
LizWhat is the Golden Bough?
$5,394
SallyWhat are the Salanic Vers
$3,000
JoeWhat is Dubliners?
$13,201
Ulysses (by James Joyce)

Final scores:

Liz Joe Sally
$6 $1,399 $10,900
3rd place: $1,000 2nd place: $2,000 New champion: $10,900

Game dynamics:

Coryat scores:

Liz Joe Sally
$5,000 $14,600 $13,600
9 R
(including 1 DD),
0 W
23 R,
1 W
14 R
(including 2 DDs),
1 W

Combined Coryat: $33,200

[game clues] [game scores] [suggest correction]

Game tape date: 2016-03-24
The J! Archive is created by fans, for fans. Scraping, republication, monetization, and malicious use prohibited; this site may use cookies and collect identifying information. See terms. The Jeopardy! game show and all elements thereof, including but not limited to copyright and trademark thereto, are the property of Jeopardy Productions, Inc. and are protected under law. This website is not affiliated with, sponsored by, or operated by Jeopardy Productions, Inc. Join the discussion at JBoard.tv.